000 00387nam a2200145Ia 4500
008 210210b2003 xxu||||| |||| 00| 0 eng d
020 _a81 7649 151 9
082 _a574.29 LYDI
100 _aLYDYARD (P M) and others.
245 _aInstant notes in immunology.
260 _aNew Delhi
_bViva Books Private Limited
_c2003
300 _aix,318
690 _aImmunology
906 _a061232
999 _c108114
_d108114